| 000 | 00723nam a2200181 a 4500 | ||
|---|---|---|---|
| 003 | 0 | ||
| 005 | 20250509114021.0 | ||
| 008 | 970101s19uu xx 00 eng d | ||
| 050 |
_aPHS HQ 796 _b.K75 2004 |
||
| 100 | _aKrings, Michelle Mae L. | ||
| 245 |
_aA Comparative study on Leisure time among male and female fourth year high school students of De La Salle Zobel / _cMichelle Mae L. Krings. |
||
| 260 |
_aLas PiƱas City, Philippines : _bSouthville International School and Colleges, _c2004. |
||
| 300 |
_a30 pages : _billustrations ; _c28 cm. |
||
| 504 | _aIncludes bibliographical references. | ||
| 650 |
_aLeisure _zPhilippines. |
||
| 650 |
_aHigh school students _zPhilippines _xTime management. |
||
| 942 |
_2lcc _cPASS |
||
| 999 |
_c97129 _d97129 |
||